report of a magnetic survey of South Africa

Saved in:
Bibliographic Details
Main Author: Beattie, J.C
Format: Book
Language:English
Published: Cambridge University Press 2014
Tags: Add Tag
No Tags, Be the first to tag this record!

MARC

LEADER 00000nam a22000007a 4500
008 230704b |||||||| |||| 00| 0 eng d
020 |a 9781107427464 
100 |a Beattie, J.C. 
245 |a report of a magnetic survey of South Africa  |c J.C. Beattie  |g xi,235p;ill 
260 |b Cambridge University Press  |c 2014  |h London  |i 699667  |i 699668  |l QC825.6.B36  |m Geomagnetism 
500 |a it includes index 
942 |a lcc  |c BK  |e Johnson  |f 07/04/23 
952 |0 0  |1 0  |2 lcc  |4 0  |6 QC08256 B36  |7 0  |9 4259  |a SL  |b HOL  |c QZ  |d 2023-07-04  |l 0  |o QC825.6.B36  |p 2023-0188  |r 2023-07-04 00:00:00  |t 699667  |w 2023-07-04  |y BK 
952 |0 0  |1 0  |2 lcc  |4 0  |6 QC08256 B36  |7 0  |9 4260  |a HOL  |b HOL  |c QZ  |d 2023-07-04  |l 0  |o QC825.6.B36  |p 2023-0189  |r 2023-07-04 00:00:00  |t 699668  |w 2023-07-04  |y BK 
999 |c 2138  |d 2138